La bruja Hermelinda /
El rey Bertoldo quería casar a su hijo; pero ninguna de las jóvenes del reino estaba dispuesta a convertirse en la esposa del príncipe Leodovaldo. Así las cosas, un día llega al reino la bruja Hermelinda y todo cambia (empezando por ella misma).
Guardado en:
| Autor Principal: | |
|---|---|
| Otros Autores: | |
| Formato: | Libro |
| Idioma: | Undetermined |
| Publicado: |
Buenos Aires :
del Naranjo,
2017.
|
| Edición: | 1a ed. 3a reimp. |
| Series: | La cigüeña solitaria
|
| Materias: | |
| Etiquetas: |
Agregar Etiqueta
Sin Etiquetas, Sea el primero en etiquetar este registro!
|
| LEADER | 00926nam a22002175a 4500 | ||
|---|---|---|---|
| 001 | CEM.cems020809 | ||
| 008 | 240221s2017####ag############000#0#und#d | ||
| 005 | 20240221122344.0 | ||
| 245 | 1 | 0 | |a La bruja Hermelinda / |c Liliana Cinetto ; ilustrado por Rocío Alejandro. |
| 250 | |a 1a ed. 3a reimp. | ||
| 260 | |a Buenos Aires : |b del Naranjo, |c 2017. | ||
| 300 | |a 64 p. | ||
| 490 | 1 | |a La cigüeña solitaria | |
| 520 | |a El rey Bertoldo quería casar a su hijo; pero ninguna de las jóvenes del reino estaba dispuesta a convertirse en la esposa del príncipe Leodovaldo. Así las cosas, un día llega al reino la bruja Hermelinda y todo cambia (empezando por ella misma). | ||
| 020 | |a 9789871343423 | ||
| 100 | 1 | |a Cinetto, Liliana. | |
| 700 | 1 | |a Alejandro, Rocío. | |
| 653 | |a Literatura argentina | ||
| 653 | |a Literatura infantil | ||
| 653 | |a Novela infantil | ||
| 859 | |a CEMS |b BIB. CEMS - Inicial y Primaria |h A863.4 |i C574-9 |k IP |p 6189 |t Ej.1 | ||
